PSV Squad 1987-1988 - Statistics

General Stats
  • This quiz has been taken 8 times
  • The average score is 12 of 21
Answer Stats
Position Nation Player % Correct
Coach Netherlands Guus Hiddink
100%
DF Netherlands Ronald Koeman
100%
FW Netherlands Gerald Vanenburg
80%
MF Denmark Søren Lerby
80%
DF Netherlands Berry van Aerle
60%
MF Turkey Cemal Yılmaz
60%
DF Belgium Eric Gerets
60%
MF Denmark Frank Arnesen
60%
GK Netherlands Hans van Breukelen
60%
DF Denmark Ivan Nielsen
60%
DF Denmark Jan Heintze
60%
FW Netherlands Wim Kieft
60%
DF Netherlands Adick Koot
40%
MF Netherlands Anton Janssen
40%
MF Netherlands Edward Linskens
40%
FW Netherlands Eric Viscaal
40%
FW Norway Hallvar Thoresen
40%
FW Netherlands Hans Gillhaus
40%
GK Netherlands Patrick Lodewijks
40%
MF Netherlands Willy van de Kerkhof
40%
DF Netherlands Eric van Kessel
20%
No matching quizzes found
Score Distribution
Percent of People with Each Score
Percentile by Number Answered
Your Score History
You have not taken this quiz